Ölü Gezen/ (Record no. 13895)

MARC details
000 -BAŞLIK
Sabit Uzunlukta Kontrol Alanı 00565nam a2200193 4500
999 ## - SİSTEM KONTROL NUMARALARI (KOHA)
Koha Biblionumber 13895
Koha Biblioitemnumber 13895
003 - KONTROL NUMARASI IDENTIFIER
Denetim Alanı MIRAKIL
005 - SON İŞLEM TARİHİ VE ZAMANI
Denetim Alanı 20200814135633.0
008 - SABİT-BOY VERİ ELEMANLARI - GENEL BİLGİLER
Sabit Uzunlukta Kontrol Alanı 200814b tu ||||| |||| 00| 0 tur d
040 ## - KATALOGLAMA KAYNAK
Orijinal Kataloglama Ajansı TR-AnCHP
Metne Dönüştürmek Ajansı TR-AnCHP
041 ## - DİL KODU
Metin / Ses Parça Veya Ayrı Başlığın Dil Kodu tur
082 ## - DEWEY ONLU SINIFLANDIRMA NUMARASI
Sınıflandırma Numarası 828.35
Ürün Numarası A75ö 1984
100 1# - ANA GİRİŞ - KİŞİSEL İSİM
Kişisel Ad Asimov, Isaac
245 10 - BAŞLIK TABLOSU
Başlık Ölü Gezen/
Sorumluluk Tablosu, Vb Isaac Asimov ; Türkçesi Gönül Suveren.
260 ## - YAYIN, DAĞITIM, VB
Yayın, Dağıtım, Vb Yeri İstanbul:
Yayıncı, Dağıtıcı, Vs Adı Altın Kitaplar Yayınevi,
Yayın, Dağıtım, Vb Tarihi 1984.
300 ## - FİZİKSEL TANIM
Kapsam 335 s.:
Boyutlar 20 sm.
650 #0 - KONU KATMA GİRİŞ - TOPİKAL DÖNEM
9 (RLIN) 6078
Topikal Süreli Veya Coğrafi Ad Giriş Elemanı Amerikan edebiyatı
Genel Alt Bölümü Roman
700 ## - KATMA GİRİŞ - KİŞİSEL İSİM
9 (RLIN) 6077
Kişisel Ad Suveren, Gönül
Relator Terim çev.
942 ## - EKLENDİ GİRİŞ ELEMANLARI (KOHA)
Sınıflandırma Veya Raf Düzeni Kaynak Dewey Decimal Classification
Koha Öğesi Türü Books
Holdings
Kalıcı Konum Mevcut Konum Edinme Tarihi Toplam Check-Out'Lar Tam Çağrı Numarası Barkod Tarih Son Görülme İtibaren Geçerli Fiyatlar Sigara Kamu Notu Koha Öğesi Türü
CHP Kütüphanesi CHP Kütüphanesi 08/14/2020   828.35 A75ö 1984 019357 08/14/2020 08/14/2020 Emine Başak Alkan Bağışıdır. Books